Applied numerical methods with MATLAB for engineers and scientists / (Record no. 182814)

000 -LEADER
fixed length control field 01546 a2200241 4500
003 - CONTROL NUMBER IDENTIFIER
control field Nust
005 - DATE AND TIME OF LATEST TRANSACTION
control field 20230918094414.0
010 ## - LIBRARY OF CONGRESS CONTROL NUMBER
LC control number 2006026364
020 ## - INTERNATIONAL STANDARD BOOK NUMBER
Terms of availability 007313290X (acid-free paper)
035 ## - SYSTEM CONTROL NUMBER
System control number (OCoLC)ocm71006688
040 ## - CATALOGING SOURCE
Transcribing agency Nust
082 00 - DEWEY DECIMAL CLASSIFICATION NUMBER
Classification number 620.00151,CHA
100 1# - MAIN ENTRY--PERSONAL NAME
Personal name Chapra, Steven C.
245 10 - TITLE STATEMENT
Title Applied numerical methods with MATLAB for engineers and scientists /
Statement of responsibility, etc. Steven C. Chapra.
260 ## - PUBLICATION, DISTRIBUTION, ETC.
Place of publication, distribution, etc. Boston :
Name of publisher, distributor, etc. McGraw-Hill Higher Education,
Date of publication, distribution, etc. c2005.
300 ## - PHYSICAL DESCRIPTION
Extent xx, 588 p. :
Other physical details ill. ;
Dimensions 25 cm.
505 ## - FORMATTED CONTENTS NOTE
Formatted contents note Mathematical Modeling, Numerical Methods and Problem Solving (Page-1), MATLAB Fundamentals (Page-15), Programming with MATLAB (Page-31), Round off and Truncation Errors (Page-56), Roots of Equations (Page-81), Linear Algebraic Equations and Matrices (Page-123), Gauss Elimination (Page-140), LU Decomposition (Page-160), Matrix Inverse and Condition (Page-172), Iterative Fitting (Page-196), General Linear Least-Squares and Nonlinear Regression (Page-221), Curve Fitting (Page-235), Numerical Integration Formulas (Page-279), Numerical Integration of Functions (Page-305), Odes (Page-321), Eigenvalues (Page-365).
650 #0 - SUBJECT ADDED ENTRY--TOPICAL TERM
Topical term or geographic name entry element Numerical analysis
General subdivision Data processing
9 (RLIN) 72
856 42 - ELECTRONIC LOCATION AND ACCESS
Materials specified Contributor biographical information
Uniform Resource Identifier <a href="http://www.loc.gov/catdir/enhancements/fy0737/2006026364-b.html">http://www.loc.gov/catdir/enhancements/fy0737/2006026364-b.html</a>
856 42 - ELECTRONIC LOCATION AND ACCESS
Materials specified Publisher description
Uniform Resource Identifier <a href="http://www.loc.gov/catdir/enhancements/fy0668/2006026364-d.html">http://www.loc.gov/catdir/enhancements/fy0668/2006026364-d.html</a>
856 42 - ELECTRONIC LOCATION AND ACCESS
Materials specified Table of contents only
Uniform Resource Identifier <a href="http://www.loc.gov/catdir/enhancements/fy0668/2006026364-t.html">http://www.loc.gov/catdir/enhancements/fy0668/2006026364-t.html</a>
942 ## - ADDED ENTRY ELEMENTS (KOHA)
Source of classification or shelving scheme
Koha item type Book
Holdings
Withdrawn status Lost status Source of classification or shelving scheme Damaged status Not for loan Permanent Location Current Location Shelving location Date acquired Full call number Barcode Date last seen Price effective from Koha item type Public note
          Military College of Signals (MCS) Military College of Signals (MCS) General Stacks 12/12/2016 620.00151,CHA MCS31145 12/08/2016 12/12/2016 Book Almirah No.26, Shelf No.5
          Military College of Signals (MCS) Military College of Signals (MCS) General Stacks 12/12/2016 620.00151,CHA MCS31208 12/08/2016 12/12/2016 Book Almirah No.26, Shelf No.5
© 2023 Central Library, National University of Sciences and Technology. All Rights Reserved.